Statistics for Marvel X-Men - Dawn of X

Click here to take the quiz!

General Stats

  • This quiz has been taken 31 times
    (10 since last reset)
  • The average score is 41 of 68

Answer Stats

HintAnswer% Correct
Bishop
100%
Bishop
100%
Bishop
100%
The Great Captains - (Field Leaders)Cyclops
100%
Gambit
100%
Magneto
100%
Nightcrawler
100%
The Quiet Council - (Mutant Government)Professor X
100%
Storm
100%
Storm
100%
Wolverine
100%
Apocalypse
83%
Apocalypse
83%
Overmatch/Data AnalysisBeast
83%
X-Force - (Mutant CIA)Beast
83%
Colossus
83%
Emma Frost
83%
Hellfire Trading CompanyEmma Frost
83%
Emma Frost
83%
Havok
83%
Jean Grey
83%
Jean Grey
83%
Kate Pryde
83%
Kitty Pryde
83%
Mystique
83%
Rogue
83%
Domino
67%
Mutant ExpansionForge
67%
Iceman
67%
Jubilee
67%
Magik
67%
Hellions - (Criminal Rehabilitation Program)Mr Sinister
67%
Mr Sinister
67%
X-Factor - (Investigations)Polaris
67%
Psylocke
67%
Pyro
67%
Defense/ObservationBlack Tom Cassidy
50%
Daken
50%
The Five - (Mutant Resurrection)Hope
50%
Marauders - (Saving Imprisoned Mutants)Kitty Pryde
50%
Northstar
50%
Sebastian Shaw
50%
Sebastian Shaw
50%
Excalibur - (Defending/Exploring Otherworld)Captain Britain
33%
Cypher
33%
Elixir
33%
Empath
33%
Exodus
33%
Eye-Boy
33%
Goldballs
33%
Gorgon
33%
Kid Omega
33%
Krakoa
33%
Prodigy
33%
Proteus
33%
Rictor
33%
Sage
33%
Transit/MonitoringSage
33%
Scalphunter
33%
Tempus
33%
Secondary/External SystemsTrinary
33%
Wild Child
33%
Christian Frost
17%
Nanny
17%
Orphan-Maker
17%
Prestige
17%
Shinobi Shaw
17%
Callisto
0%

Score Distribution

Percentile by Number Answered

Percent of People with Each Score

Your Score History

You have not taken this quiz since the last reset